000 00393nam a2200169Ia 4500
005 20250423100339.0
008 250422s9999 xx 000 0 und d
020 _a9783296434
050 _aDT 515.4 .N53/
100 _aOsuntokun, Akinjide
245 0 _aNigerian peoples and cultures
260 _aIbadan
260 _bDavidson Press
260 _c1997
300 _a365 p
942 _cBK
999 _c33031
_d33031